000 00605cam a22001814a 4500
020 _a0813337569 (alk. paper)
040 _cDLC
082 0 0 _a952 WES 2001 A099 Or.
100 1 _aHane, Mikiso.
245 1 0 _aModern Japan :
_ba historical survey /
250 _a3rd ed.
260 _aBoulder, Colo. :
_bWestview Press,
_cc2001.
300 _axiv, 554 p. :
_bill., maps ;
_c23 cm.
856 4 2 _uhttp://www.h-net.org/review/hrev-a0d0b6-aa
856 4 2 _uhttp://www.loc.gov/catdir/enhancements/fy0831/00049528-b.html
856 4 2 _uhttp://www.loc.gov/catdir/enhancements/fy0831/00049528-d.html
942 _cEK
999 _c12041
_d12041